00329nam a2200121Ia 4500008004100000082001500041100002100056245002100077260003500098300000900133630001800142650004700160211109s9999||||xx |||||||||||||| ||und|| a942bBRI-S aBright, Jcharles 0aStory of England bMacmillan and CoaLondonc1900 a69p. xGeneral Stack aGreat BritainvHistory of EnglandxHistory